000 00931nam a22002537a 4500
005 20170123162302.0
010 _aB-208888
020 _c50.00
_a8182232473
035 _aB-208888
037 _bCen Lib/Ret
040 _aDPL
_bUR
082 _aک - ز ی ن
100 _aزینت مسعود زینت
_914049
245 _aننھے مننے گلدستے :
_cزینت مسعود زینت
_b بچو کی کحانیا /
246 _aNanhhe munne guldaste-nanhe munne bachhon ki kahaniyan
_bby Zeenat Masood Zeenat
260 _aدحلی
_bایجوکیشنل پبلیشینگ حاوس
_c2007
270 _a3108-واکیل اسٹریٹ کوچا پانڈیت لال کوان
_bدحلی
_e110006
300 _a80p.
_c22cm(Hb)
650 _aاردو ادب
_914050
650 _aموختاسر کحانیان
_914051
650 _aUrdu literature
_914052
650 _aShort stories
_944
942 _2ddc
_cUR
_h
_mز ی ن
999 _c106063
_d106063